Journal of Oral and maxillofacial Surgery (Record no. 30286)

MARC details
000 -LEADER
fixed length control field 00216nam a22000977a 4500
003 - CONTROL NUMBER IDENTIFIER
control field SGT
245 ## - TITLE STATEMENT
Title Journal of Oral and maxillofacial Surgery
260 ## - PUBLICATION, DISTRIBUTION, ETC. (IMPRINT)
Name of publisher, distributor, etc Elsevier
Year of Publication 2021
300 ## - PAGE DESCRIPTION
No. of Pages 941,1802,2607
942 ## - ADDED ENTRY ELEMENTS (KOHA)
Source of classification or shelving scheme Dewey Decimal Classification
Koha item type Back Volumes
Holdings
Withdrawn status Lost status Source of classification or shelving scheme Damaged status Use restrictions Not for loan Home library Current library Date acquired Volume Information (Serial or Books or Non-Book Material) SGTU Accession No. (Barcode) Date last seen Bill Date Koha item type
    Dewey Decimal Classification   Restricted Access Not For Loan SGT Dental Library SGT Dental Library 18/03/2025 Vol.79 (1-4) SGTU PD1268 18/03/2025 18/03/2025 Back Volumes
    Dewey Decimal Classification   Restricted Access Not For Loan SGT Dental Library SGT Dental Library 18/03/2025 Vol.79 (5-8) SGTU PD1269 18/03/2025 18/03/2025 Back Volumes
    Dewey Decimal Classification   Restricted Access Not For Loan SGT Dental Library SGT Dental Library 18/03/2025 Vol.79 (9-12) SGTU PD1270 18/03/2025 18/03/2025 Back Volumes